| 000 | 00431cam a2200157u 4500 | ||
|---|---|---|---|
| 020 | _a2743004142 | ||
| 022 | _a09822518 | ||
| 040 | _cCarP | ||
| 082 | _aTEC LAC 2001 C282 Or. | ||
| 100 | 1 | _aTricart, Jean. [from old catalog] | |
| 245 | 1 | 3 | _aLa culture fruitière dans la région parisienne. |
| 260 |
_a[Paris, _c2001. |
||
| 300 |
_a150 p. _billus., plates, maps (part fold.) _c27 cm. |
||
| 650 | 0 | _aFruit-culture | |
| 942 | _cAEDBB | ||
| 999 |
_c21462 _d21462 |
||